[Event "World Senior Teams +65"]
[Site "Radebeul GER"]
[Date "2016.07.02"]
[Round "7.19"]
[Board "2"]
[White "Byrne, Ray"]
[Black "Juergens, Peter2"]
[Result "1/2-1/2"]
[WhiteElo "1987"]
[BlackElo "1938"]
[WhiteTeam "Ireland"]
[BlackTeam "Freibauer Niedersachsen"]
[WhiteFideId "2500922"]
[BlackFideId "4694694"]
[EventDate "2016.06.26"]

1. d4 Nf6 2. c4 e6 3. Nc3 Bb4 4. e3 d5 5. Bd3 e5 6. dxe5 dxc4 7. Bxc4 Qxd1+ 8.
Kxd1 Bxc3 9. bxc3 Ng4 10. Ke2 Nxe5 11. Bb3 Bd7 12. a4 O-O 13. Nf3 Nxf3 14. gxf3
Nc6 15. Rd1 Rad8 16. e4 Be6 17. Bxe6 fxe6 18. Bg5 Rxd1 19. Rxd1 h6 20. Bh4 Rf7
21. Bg3 Kf8 22. Rb1 b6 23. Rd1 Ke8 24. f4 Rd7 25. Rxd7 Kxd7 26. Kd3 Na5 27. f5
exf5 28. exf5 Nc6 29. Ke4 a6 30. h4 h5 31. Bf4 b5 32. axb5 axb5 33. Bg5 Ne7 34.
f6 gxf6 35. Bxf6 c5 36. f4 Ke6 37. Bxe7 Kxe7 38. Kd5 b4 39. cxb4 cxb4 40. Kc4
Kf6 41. Kxb4 Kf5 42. Kc4 Kxf4 43. Kd3 Kg4 44. Ke3 Kxh4 45. Kf2 1/2-1/2

[Event "World Senior Teams +65"]
[Site "Radebeul GER"]
[Date "2016.07.02"]
[Round "7.19"]
[Board "3"]
[White "Hellwege, Werner"]
[Black "Daly, Patrick"]
[Result "1/2-1/2"]
[WhiteElo "1895"]
[BlackElo "1912"]
[WhiteTeam "Freibauer Niedersachsen"]
[BlackTeam "Ireland"]
[WhiteFideId "4661460"]
[BlackFideId "2503131"]
[EventDate "2016.06.26"]

1. d4 f5 2. g3 Nf6 3. Bg2 e6 4. c4 Be7 5. Nc3 O-O 6. e4 fxe4 7. Nxe4 Nxe4 8.
Bxe4 Bb4+ 9. Bd2 Bxd2+ 10. Qxd2 Qf6 11. Nh3 e5 12. dxe5 Qxe5 13. Qd5+ Qxd5 14.
Bxd5+ Kh8 15. O-O h6 16. Nf4 Kh7 17. Rae1 Nc6 18. Be4+ Kg8 19. Nd5 d6 20. Bg2
Bf5 21. Ne7+ Nxe7 22. Rxe7 c6 23. Rxb7 Bd3 24. Rc1 Rfc8 25. b3 a5 26. Rd1 Bf5
27. Rxd6 Re8 28. Bxc6 Re1+ 29. Kg2 Rf8 30. Rd2 Be4+ 31. Bxe4 Rxe4 32. f3 Re3 33.
f4 Rfe8 34. Kf2 a4 35. b4 Rc3 36. c5 h5 37. Rb6 h4 38. gxh4 Re4 39. c6 Rxf4+ 40.
Ke2 Rxh4 41. Kd1 Rhc4 42. b5 a3 43. Rb8+ Kh7 44. Rbd8 Rb4 45. R8d5 Rbc4 46. Rh5+
Kg6 47. Rhd5 Kh7 48. R5d4 Rc5 49. Rb4 Rc1+ 50. Ke2 Re5+ 51. Kf2 Re8 52. Rb3 Rb8
53. Rd7 Rc2+ 54. Ke3 Rxa2 55. c7 Rc8 56. b6 Re8+ 57. Kd3 Rxh2 58. Kc4 a2 59. Ra3
Rb2 60. Kc3 Rxb6 61. Rxa2 Rc6+ 62. Kd3 Rc8 63. Rd8 R8xc7 1/2-1/2

[Event "World Senior Teams +65"]
[Site "Radebeul GER"]
[Date "2016.07.02"]
[Round "7.19"]
[Board "4"]
[White "O'Leary, Matt"]
[Black "Nagorni, Walter"]
[Result "1-0"]
[WhiteElo "1862"]
[BlackElo "1982"]
[WhiteTeam "Ireland"]
[BlackTeam "Freibauer Niedersachsen"]
[WhiteFideId "2501970"]
[BlackFideId "4666593"]
[EventDate "2016.06.26"]

1. Nf3 g6 2. d4 Bg7 3. e4 d6 4. Be2 Bg4 5. h3 Bxf3 6. Bxf3 Nc6 7. Be3 Nf6 8. O-O
O-O 9. c3 Nd7 10. Nd2 Nb6 11. Be2 e6 12. f4 f5 13. exf5 exf5 14. Bf3 Kh8 15. Re1
Re8 16. a4 a5 17. Qb3 Qd7 18. d5 Ne7 19. Bxb6 cxb6 20. Qxb6 Bf6 21. Re6 Nc8 22.
Rxe8+ Qxe8 23. Qf2 Qd7 24. Nc4 Kg7 25. b3 Bxc3 26. Rc1 Bb4 27. g4 Bc5 28. Ne3
Nb6 29. gxf5 Re8 30. f6+ Kf7 31. Rxc5 dxc5 32. Bg4 Qd6 33. Be6+ Rxe6 34. dxe6+
Qxe6 35. Ng4 Nd5 36. Ne5+ Kxf6 37. Qh4+ Kg7 38. Ng4 h5 39. Ne5 Ne3 40. Qd8 Nf5
41. Qxa5 Qd6 42. Qc3 Nd4 43. Nd3 Qf6 44. Qxc5 Nxb3 45. Qc7+ Kh6 46. Ne5 g5 47.
Nf7+ Kg6 48. Nxg5 Qd4+ 49. Kg2 Qd2+ 50. Kg3 Qe3+ 51. Nf3 b6 52. Qd6+ Kf7 53.
Qd5+ Kg6 54. Qg5+ Kf7 55. Qxh5+ Kg7 56. Qg5+ Kf7 57. Qd5+ Kg6 58. Kg4 Nc5 59.
Ne5+ Kh6 60. Qd6+ 1-0

[Event "World Senior Teams +65"]
[Site "Radebeul GER"]
[Date "2016.07.02"]
[Round "7.20"]
[Board "1"]
[White "Schmidt, Gerhard3"]
[Black "Svensson, Leif 1940"]
[Result "0-1"]
[WhiteElo "2077"]
[BlackElo "2072"]
[WhiteTeam "Saxone"]
[BlackTeam "Sweden 2"]
[WhiteFideId "12962260"]
[BlackFideId "1702459"]
[EventDate "2016.06.26"]

1. e4 Nf6 2. Nc3 d5 3. exd5 Nxd5 4. Nxd5 Qxd5 5. Qf3 Qf5 6. Bd3 Qa5 7. Be4 c6 8.
Ne2 Nd7 9. O-O Nf6 10. Bxc6+ Bd7 11. Bxb7 Rb8 12. Bc6 e5 13. Bxd7+ Nxd7 14. d4
Be7 15. b3 exd4 16. Bb2 O-O 17. Nxd4 Ne5 18. Qg3 Rbc8 19. c4 Bf6 20. Bc3 Qb6 21.
Nb5 Rfe8 22. Rfe1 Qd8 23. Rad1 Re6 24. f4 Ng6 25. Rxe6 fxe6 26. Bxf6 gxf6 27.
Nd4 a6 28. Nc2 Qb6+ 29. Qf2 e5 30. fxe5 fxe5 31. Rd7 Qe6 32. Qa7 Nf8 33. Rd3 0-1

[Event "World Senior Teams +65"]
[Site "Radebeul GER"]
[Date "2016.07.02"]
[Round "7.20"]
[Board "2"]
[White "Andersson, Sven-Olof"]
[Black "Goerden, Hans-Juergen"]
[Result "1/2-1/2"]
[WhiteElo "1983"]
[BlackElo "1821"]
[WhiteTeam "Sweden 2"]
[BlackTeam "Saxone"]
[WhiteFideId "1706926"]
[BlackFideId "12911216"]
[EventDate "2016.06.26"]

1. d4 g6 2. Nf3 Bg7 3. g3 d6 4. Bg2 Nd7 5. O-O e5 6. dxe5 Nxe5 7. Nxe5 Bxe5 8.
c3 Bg7 9. Qa4+ Kf8 10. Nd2 Nf6 11. Nf3 h6 12. Be3 a6 13. Rad1 Qd7 14. Qc2 Qf5
15. Qxf5 Bxf5 16. Nd4 Be4 17. f3 Bd5 18. b3 b6 19. c4 Bb7 20. Bf2 Ke7 21. e4
Rhe8 22. Rfe1 Kf8 23. Nc2 Nd7 24. Bd4 f6 25. Ne3 a5 26. Bh3 Nc5 27. Nd5 Bxd5 28.
exd5 Rxe1+ 29. Rxe1 Re8 30. Rxe8+ Kxe8 31. Bxc5 1/2-1/2

[Event "World Senior Teams +65"]
[Site "Radebeul GER"]
[Date "2016.07.02"]
[Round "7.20"]
[Board "3"]
[White "Stavenhagen, Johannes"]
[Black "Degerfeldt, Sven"]
[Result "0-1"]
[WhiteElo "1914"]
[BlackElo "1962"]
[WhiteTeam "Saxone"]
[BlackTeam "Sweden 2"]
[WhiteFideId "24615706"]
[BlackFideId "1717430"]
[EventDate "2016.06.26"]

1. d4 d5 2. Nf3 c6 3. e3 Bg4 4. c4 e6 5. h3 Bh5 6. cxd5 exd5 7. Be2 Nd7 8. O-O
Bd6 9. Nc3 Ngf6 10. a3 O-O 11. b4 b5 12. Rb1 a5 13. Nd2 Bxe2 14. Qxe2 axb4 15.
axb4 Qe7 16. Nf3 Bxb4 17. Na2 Bd6 18. Qb2 Ne4 19. Rd1 Nb6 20. Rd3 Nc4 21. Qe2
Ra4 22. Nc3 Nxc3 23. Rxc3 Rfa8 24. g3 f5 25. Rcb3 Qf6 26. Ne1 Re8 27. Nd3 Ra7
28. Kg2 g5 29. Qf3 Qg6 30. Qe2 Rae7 31. Qa2 f4 32. exf4 gxf4 33. g4 Qe4+ 34. f3
Qxd4 35. Nb4 Re1 36. Qf2 Qxf2+ 37. Kxf2 Bxb4 38. Rxb4 Rh1 39. Kg2 Rd1 40. g5
Ne3+ 41. Kf2 d4 42. Ba3 Rxb1 43. Rxb1 Ra8 44. Bc5 Ra2+ 45. Ke1 d3 46. Bb4 c5 47.
Bd2 b4 0-1

[Event "World Senior Teams +65"]
[Site "Radebeul GER"]
[Date "2016.07.02"]
[Round "7.20"]
[Board "4"]
[White "Ekelund, Kurt"]
[Black "Zanger, Konrad"]
[Result "1/2-1/2"]
[WhiteElo "1952"]
[BlackElo "1777"]
[WhiteTeam "Sweden 2"]
[BlackTeam "Saxone"]
[WhiteFideId "1706667"]
[BlackFideId "24615722"]
[EventDate "2016.06.26"]

1. e4 d6 2. d4 Nf6 3. Nc3 g6 4. f4 Bg7 5. Nf3 b6 6. Bd3 Bb7 7. O-O Nc6 8. d5 Nb8
9. Qe1 c6 10. dxc6 Nxc6 11. Qh4 Qd7 12. Bd2 Qg4 13. Qf2 Qd7 14. Rfe1 Ng4 15. Qg3
O-O-O 16. Bc4 Nh6 17. Be3 Na5 18. Bb5 Bc6 19. Ba6+ Kb8 20. Bd4 f6 21. Red1 Nb7 1/2-1/2

[Event "World Senior Teams +65"]
[Site "Radebeul GER"]
[Date "2016.07.02"]
[Round "7.21"]
[Board "1"]
[White "Rychlik, Kurt"]
[Black "Smeets, Pierre"]
[Result "1/2-1/2"]
[WhiteElo "2023"]
[BlackElo "2119"]
[WhiteTeam "Surprise"]
[BlackTeam "Oranje 3"]
[WhiteFideId "4694120"]
[BlackFideId "1043820"]
[EventDate "2016.06.26"]

1. e4 e6 2. d3 c5 3. g3 Nc6 4. Bg2 g6 5. Ne2 Bg7 6. O-O d6 7. Nd2 Nge7 8. f4 O-O
9. c3 Bd7 10. Kh1 Rb8 11. Nf3 f5 12. Be3 Kh8 13. Qd2 b6 14. Rad1 d5 15. e5 Bc8
16. d4 c4 17. h3 b5 18. g4 a5 19. a3 b4 20. axb4 axb4 21. Ra1 Na5 22. Qe1 Nb3
23. Ra4 bxc3 24. bxc3 Bb7 25. Ra2 Ng8 26. g5 Qc7 27. Nh4 Ne7 28. Nf3 Ra8 29. Qb1
Rxa2 30. Qxa2 Ra8 31. Qb2 Bc6 32. Nd2 Nxd2 33. Bxd2 Nc8 34. Rb1 Bf8 35. Bc1 Be7
36. Bf3 Kg7 37. h4 Kf7 38. h5 Qa5 39. Kg2 Qa2 40. Qxa2 Rxa2 41. Kf1 Ra8 42. Ke1
Ke8 1/2-1/2

[Event "World Senior Teams +65"]
[Site "Radebeul GER"]
[Date "2016.07.02"]
[Round "7.21"]
[Board "2"]
[White "Mostertman, Loek"]
[Black "Ophoff, Rigobert"]
[Result "1/2-1/2"]
[WhiteElo "1958"]
[BlackElo "1981"]
[WhiteTeam "Oranje 3"]
[BlackTeam "Surprise"]
[WhiteFideId "1010425"]
[BlackFideId "4679750"]
[EventDate "2016.06.26"]

1. e4 c5 2. d4 cxd4 3. Nf3 d6 4. Qxd4 Nc6 5. Bb5 Bd7 6. Qd3 Nf6 7. c4 a6 8. Bxc6
Bxc6 9. Nc3 e6 10. O-O Be7 11. Nd4 Qc7 12. f4 O-O 13. f5 e5 14. Nxc6 bxc6 15. h3
Rfd8 16. Kh1 Qb7 17. Rd1 Rd7 18. g4 h6 19. Qg3 d5 20. Re1 dxc4 21. Qxe5 Bd6 22.
Qa5 Bb4 23. Qa4 c5 24. Kh2 Rd3 25. Re2 Bxc3 26. bxc3 Qa7 27. e5 Qb7 28. Rf2 Ne4
29. Rf4 Nxc3 30. Qxc4 Rad8 31. e6 Rd2+ 32. Bxd2 Rxd2+ 33. Kg3 Ne2+ 34. Kh4 Nxf4 1/2-1/2

[Event "World Senior Teams +65"]
[Site "Radebeul GER"]
[Date "2016.07.02"]
[Round "7.21"]
[Board "3"]
[White "Wittkugel, Friedhelm"]
[Black "Mentink, Toon"]
[Result "1/2-1/2"]
[WhiteElo "1993"]
[BlackElo "1853"]
[WhiteTeam "Surprise"]
[BlackTeam "Oranje 3"]
[WhiteFideId "24606162"]
[BlackFideId "1017322"]
[EventDate "2016.06.26"]

1. d4 Nf6 2. c4 e6 3. a3 a5 4. Nc3 d5 5. e3 c6 6. Nf3 Bd6 7. b3 Nbd7 8. Bd3 e5
9. cxd5 Nxd5 10. Bb2 Nxc3 11. Bxc3 Qe7 12. Qc2 exd4 13. Bxd4 c5 14. Bb2 Ne5 15.
Bb5+ Kf8 16. O-O-O Nxf3 17. gxf3 Be6 18. Rhg1 f6 19. Bd3 Rc8 20. Bc4 Kf7 21. Qe4
g6 22. Rd2 Rhd8 23. Qh4 h5 24. Qe4 Rg8 25. f4 Bxc4 26. Qxc4+ Kf8 27. Qd3 Rc6 28.
Rxg6 Rxg6 29. Qxg6 c4 30. bxc4 Bxa3 31. Qh6+ Kg8 32. Qg6+ Kf8 33. Rd8+ Qxd8 34.
Bxa3+ Rd6 35. Qd3 Ke7 36. Qh7+ Ke6 37. f5+ Ke5 38. Bb2+ Ke4 39. Qxb7+ Kxf5 40.
Qh7+ Kg5 41. Qg7+ Kf5 42. Qh7+ Ke6 43. Qe4+ Kd7 44. Qb7+ Qc7 45. Qb5+ Qc6 46.
Qf5+ Kc7 47. Qxa5+ Kb7 48. Qb4+ Kc7 49. Bd4 Qh1+ 50. Kc2 Qe4+ 51. Kc3 Rc6 52.
Qa5+ Kd7 53. Qxh5 Qb1 54. Qf7+ Kc8 55. Qe8+ Kb7 56. Qe7+ Kc8 57. Qf8+ Kd7 58.
Qf7+ Kc8 59. Qe8+ Kb7 60. Qd7+ Rc7 61. Qd5+ Rc6 62. c5 Qe1+ 63. Kd3 Qf1+ 64. Ke4
Qg2+ 65. f3 Qg6+ 66. Kf4 f5 67. Qxf5 Qh6+ 68. Ke4 Qh4+ 69. Kd3 Qd8 70. h4 Qa5
71. Qd7+ Rc7 72. c6+ Ka6 73. Qe6 Qa3+ 74. Bc3 Ka7 75. Qc4 Ka8 76. Qb4 Qa6+ 77.
Qc4 Qa3 78. h5 Qd6+ 79. Bd4 Rxc6 80. Qg8+ Kb7 81. Qf7+ Rc7 82. Qb3+ Kc8 83. e4
Qf8 84. Qe6+ Kb7 85. Qd5+ Ka6 86. Qa2+ Kb5 87. Qb3+ Kc6 88. Qb6+ Kd7 89. Qb5+ 1/2-1/2

[Event "World Senior Teams +65"]
[Site "Radebeul GER"]
[Date "2016.07.02"]
[Round "7.21"]
[Board "4"]
[White "Montsma, Foppe-Jan"]
[Black "Perk, Egbert"]
[Result "1/2-1/2"]
[WhiteElo "1825"]
[BlackElo "1949"]
[WhiteTeam "Oranje 3"]
[BlackTeam "Surprise"]
[WhiteFideId "1011472"]
[BlackFideId "4645944"]
[EventDate "2016.06.26"]

1. d4 Nf6 2. Nf3 d5 3. Bf4 e6 4. Nbd2 b6 5. e3 Bb7 6. Ne5 a6 7. Bd3 Nbd7 8. O-O
Be7 9. c3 c5 10. Qf3 O-O 11. Qh3 g6 12. Bh6 Re8 13. Rad1 Nxe5 14. dxe5 Nd7 15.
Nf3 Qc7 16. Qg3 Bf8 17. Bf4 Bg7 18. h4 c4 19. Bc2 Nc5 20. h5 Ne4 21. Bxe4 dxe4
22. Nd4 Qc5 23. hxg6 hxg6 24. Ne2 Rad8 25. Rd4 1/2-1/2

[Event "World Senior Teams +65"]
[Site "Radebeul GER"]
[Date "2016.07.02"]
[Round "7.22"]
[Board "1"]
[White "Lomer, Edmund"]
[Black "Kempe, Rainer"]
[Result "1-0"]
[WhiteElo "2043"]
[BlackElo "2006"]
[WhiteTeam "Randbauern"]
[BlackTeam "Stiftung BSW / DBAG III"]
[WhiteFideId "4664884"]
[BlackFideId "12975206"]
[EventDate "2016.06.26"]

1. Nf3 g6 2. g3 Bg7 3. d4 d5 4. Bg2 Nf6 5. O-O O-O 6. c4 e6 7. cxd5 exd5 8. Nc3
c6 9. Ne5 Nbd7 10. Bg5 Re8 11. Ng4 Qb6 12. Nxf6+ Nxf6 13. Qd2 Bf5 14. Bxf6 Bxf6
15. e3 Kg7 16. Rfe1 h5 17. h3 Qb4 18. Ne4 Be7 19. Qxb4 Bxb4 20. Nc3 Re7 21. Rec1
h4 22. g4 Bd3 23. Na4 Bb5 24. Nc3 Bc4 25. Bf1 Bxf1 26. Kxf1 f5 27. gxf5 Rf8 28.
Ke2 Rxf5 29. Rg1 Kh6 30. Rg4 Kh5 31. Rag1 Bd6 32. R1g2 g5 33. a3 b6 34. Kd3 c5
35. Ne2 c4+ 36. Kd2 Ref7 37. Ke1 b5 38. Nc3 a6 39. Ke2 b4 40. axb4 Bxb4 41. e4
dxe4 42. Nxe4 Be7 43. Nd2 Rb5 44. Nxc4 Rb3 45. d5 Rxh3 46. d6 Bd8 47. Ne5 Rb7
48. b4 Rc3 49. d7 Bf6 50. Rxg5+ Bxg5 51. Rxg5+ Kxg5 52. d8=Q+ Kf5 53. Qf8+ Ke4
54. f3+ Kd5 55. Qd8+ Ke6 56. Nd3 Re7 57. Nc5+ Kf7+ 58. Kd2 Ra3 59. Qd5+ Kg6 60.
Ne4 h3 61. Qg5+ Kf7 62. Qh5+ Kg7 63. Qxh3 Rxe4 64. Qd7+ 1-0

[Event "World Senior Teams +65"]
[Site "Radebeul GER"]
[Date "2016.07.02"]
[Round "7.22"]
[Board "3"]
[White "Briesemeister, Klaus"]
[Black "Francke, Dirk"]
[Result "0-1"]
[WhiteElo "1756"]
[BlackElo "1952"]
[WhiteTeam "Randbauern"]
[BlackTeam "Stiftung BSW / DBAG III"]
[WhiteFideId "24631035"]
[BlackFideId "12975320"]
[EventDate "2016.06.26"]

1. d4 d5 2. Bf4 c6 3. e3 Nf6 4. Bd3 Bg4 5. f3 Bh5 6. Ne2 e6 7. c3 Bd6 8. g4 Bg6
9. h4 Qc7 10. h5 Bxd3 11. Qxd3 h6 12. Bxd6 Qxd6 13. Nd2 Nbd7 14. O-O-O O-O-O 15.
Rdg1 Kb8 16. f4 c5 17. Kb1 Rc8 18. g5 hxg5 19. Rxg5 g6 20. Ng3 gxh5 21. Nxh5
cxd4 22. cxd4 Qc6 23. a3 Nb6 24. Nf3 Ne4 25. Rg2 Nc4 26. Ne5 Nxe5 27. fxe5 Rh6
28. Qe2 Qb6 29. Ka2 Rc3 30. Ka1 Rc8 31. Rhg1 Qb3 32. Rg8 Rh8 33. Nf6 Nxf6 34.
Rxc8+ Rxc8 35. exf6 Rc2 0-1

[Event "World Senior Teams +65"]
[Site "Radebeul GER"]
[Date "2016.07.02"]
[Round "7.22"]
[Board "4"]
[White "Gabriel, Wolfram"]
[Black "Geibel, Henning"]
[Result "1/2-1/2"]
[WhiteElo "1713"]
[BlackElo "1444"]
[WhiteTeam "Stiftung BSW / DBAG III"]
[BlackTeam "Randbauern"]
[WhiteFideId "24638285"]
[BlackFideId "4618238"]
[EventDate "2016.06.26"]

1. e4 e5 2. Nf3 d6 3. d4 exd4 4. Nxd4 Nf6 5. Nc3 Be7 6. Bc4 O-O 7. O-O a6 8. a3
b5 9. Ba2 c5 10. Nf3 Bg4 11. Re1 Nc6 12. Bg5 h6 13. Bh4 Nd4 14. Qd3 Bxf3 15.
gxf3 Nh5 16. Bg3 Nxg3 17. fxg3 Qb6 18. Nd5 Qa7 19. Kg2 Ne6 20. Rad1 c4 21. Qe2
Rab8 22. c3 Qd7 23. Qd2 Ng5 24. Nxe7+ Qxe7 25. Qxd6 Qxd6 26. Rxd6 a5 27. Red1
Ne6 28. Bb1 Nc5 29. e5 Na4 30. R1d2 Nc5 31. Bc2 Ne6 32. f4 Rfd8 33. Kf3 Kf8 34.
Be4 Ke7 35. h4 Rxd6 36. exd6+ Kd7 37. f5 Nc5 38. Bd5 f6 39. Kg4 Nd3 40. b3 Kxd6
41. Be4 Ke5 42. Bxd3 cxd3 43. Rxd3 Rc8 44. Re3+ Kd6 45. Kh5 Rc7 46. Kg6 Kc5 47.
g4 b4 48. cxb4+ axb4 49. a4 Kd4 50. Re1 1/2-1/2

[Event "World Senior Teams +65"]
[Site "Radebeul GER"]
[Date "2016.07.02"]
[Round "7.23"]
[Board "2"]
[White "Chaabani, Abdelkader"]
[Black "Deppe, Christian"]
[Result "1/2-1/2"]
[WhiteElo "1728"]
[BlackElo "1850"]
[WhiteTeam "Tunisia"]
[BlackTeam "SV Dresden-Striesen 1990 e.V."]
[WhiteFideId "5501989"]
[BlackFideId "12911224"]
[EventDate "2016.06.26"]

1. d4 Nf6 2. c4 e5 3. dxe5 Ng4 4. Bf4 Nc6 5. Nf3 Bb4+ 6. Nbd2 Qe7 7. a3 Ngxe5 8.
Nxe5 Nxe5 9. Bxe5 Bxd2+ 10. Qxd2 Qxe5 11. e3 d6 12. Be2 O-O 13. O-O Bf5 14. Bf3
Be4 15. Bxe4 Qxe4 16. Rac1 b6 1/2-1/2

[Event "World Senior Teams +65"]
[Site "Radebeul GER"]
[Date "2016.07.02"]
[Round "7.23"]
[Board "3"]
[White "Thalheim, Peter"]
[Black "Aroua, Ahmed"]
[Result "0-1"]
[WhiteElo "1827"]
[BlackElo "1516"]
[WhiteTeam "SV Dresden-Striesen 1990 e.V."]
[BlackTeam "Tunisia"]
[WhiteFideId "12958220"]
[BlackFideId "5502497"]
[EventDate "2016.06.26"]

1. c4 e5 2. Nc3 Nf6 3. g3 d5 4. cxd5 Nxd5 5. Bg2 c6 6. Nxd5 cxd5 7. Qb3 e4 8. d3
f5 9. Nh3 Nc6 10. O-O Nd4 11. Qa4+ Nc6 12. dxe4 fxe4 13. Nf4 Bc5 14. Rd1 O-O 15.
Bxe4 Bxf2+ 16. Kg2 Ne7 17. Nxd5 Ng6 18. Nf4 Nxf4+ 19. Bxf4 Qb6 20. Qc4+ Kh8 21.
Rd6 Qxb2 22. Rb1 Qa3 23. Kxf2 Qxd6 24. Kg1 Rxf4 25. gxf4 Bh3 26. Bf3 Qg6+ 27.
Kf2 Qxb1 28. Kg3 Bf5 29. Kf2 Rc8 30. Qa4 Qb6+ 31. Kg2 Qh6 32. Bxb7 Qh3+ 33. Kf2
Qh4+ 34. Ke3 Rc3+ 35. Kd2 Rc2+ 36. Ke3 Qe7+ 0-1

[Event "World Senior Teams +65"]
[Site "Radebeul GER"]
[Date "2016.07.02"]
[Round "7.24"]
[Board "1"]
[White "Hilbig, Klaus"]
[Black "Johansson, Per"]
[Result "0-1"]
[WhiteElo "1680"]
[BlackElo "1935"]
[WhiteTeam "Dresdner Seniorenklub"]
[BlackTeam "Sweden 3"]
[WhiteFideId "4653378"]
[BlackFideId "1703552"]
[EventDate "2016.06.26"]

1. d4 d5 2. Nf3 Nf6 3. e3 Bg4 4. Be2 c6 5. Nbd2 e6 6. h3 Bh5 7. c4 Bd6 8. Qb3
Qb6 9. Qd1 c5 10. Qa4+ Nc6 11. g4 Bg6 12. Ne5 O-O 13. Nxg6 hxg6 14. cxd5 exd5
15. dxc5 Bxc5 16. a3 d4 17. b4 Be7 18. e4 d3 19. Bxd3 Qd4 20. Ra2 Qxd3 21. f3
Ne5 22. Kf2 a5 23. b5 Bc5+ 24. Kg3 Rfd8 25. Rh2 Rd4 26. Qd1 Nc4 27. Bb2 Nxb2 28.
Rxb2 Bd6+ 29. Kg2 Bxh2 30. Kxh2 0-1

[Event "World Senior Teams +65"]
[Site "Radebeul GER"]
[Date "2016.07.02"]
[Round "7.24"]
[Board "3"]
[White "Gafke, Manfred"]
[Black "Forslund, Lennart"]
[Result "0-1"]
[WhiteElo "1816"]
[BlackElo "1856"]
[WhiteTeam "Dresdner Seniorenklub"]
[BlackTeam "Sweden 3"]
[WhiteFideId "24602493"]
[BlackFideId "1720473"]
[EventDate "2016.06.26"]

1. d4 e6 2. Bf4 f5 3. Nf3 b6 4. e3 Nf6 5. Bg5 Be7 6. Be2 Bb7 7. Bxf6 Bxf6 8. O-O
Nc6 9. c3 Qe7 10. Nbd2 O-O-O 11. Qa4 Kb8 12. Ba6 g5 13. Bxb7 Kxb7 14. Rfc1 f4
15. e4 g4 16. e5 Bg5 17. Nxg5 Qxg5 18. Ne4 Qg7 19. Qb3 Ka8 20. Qd1 f3 21. g3
Rhf8 22. Nf6 d6 23. Qa4 Kb7 24. Nh5 Qh6 25. d5 exd5 26. Qxg4 Nxe5 27. Qh4 Rde8
28. Rd1 Rf5 29. Nf4 Qxh4 30. gxh4 Rxf4 31. Rd4 Re4 32. h3 Rg8+ 33. Kf1 Rg2 34.
Rxe4 Rh2 0-1

[Event "World Senior Teams +65"]
[Site "Radebeul GER"]
[Date "2016.07.02"]
[Round "7.24"]
[Board "4"]
[White "Norevall, Ulf"]
[Black "Neffe, Guenther"]
[Result "1-0"]
[WhiteElo "1749"]
[BlackElo "1606"]
[WhiteTeam "Sweden 3"]
[BlackTeam "Dresdner Seniorenklub"]
[WhiteFideId "1705555"]
[BlackFideId "12903388"]
[EventDate "2016.06.26"]

1. d4 d5 2. c4 e6 3. Nc3 c6 4. e3 Nf6 5. Nf3 g6 6. b3 Bg7 7. Ba3 Nbd7 8. cxd5
exd5 9. Bd3 Bf8 10. Bb2 Bg7 11. O-O O-O 12. Rc1 Re8 13. b4 Nb6 14. b5 Bg4 15. h3
Bxf3 16. Qxf3 Rc8 17. bxc6 bxc6 18. Ba6 Rc7 19. Qe2 Bf8 20. Rc2 Qd7 21. Rfc1 Ne4
22. Nb5 Nc4 23. Nxc7 Qxc7 24. Bxc4 dxc4 25. Rxc4 c5 26. dxc5 Qc6 27. Bd4 Bg7 28.
Bxg7 Kxg7 29. Qb2+ Kg8 30. Qd4 Re6 31. Rb1 Re8 32. Rd1 Re6 33. Qd5 Nf6 34. Qxc6
Rxc6 35. Rd6 Rxd6 36. cxd6 Nd7 37. Rc7 1-0

[Event "World Senior Teams +65"]
[Site "Radebeul GER"]
[Date "2016.07.02"]
[Round "7.25"]
[Board "1"]
[White "Ritter, Fred"]
[Black "Fenwick, Hugh F"]
[Result "0-1"]
[WhiteElo "1844"]
[BlackElo "1912"]
[WhiteTeam "BSV Chemie Radebeul"]
[BlackTeam "England 3"]
[WhiteFideId "12975427"]
[BlackFideId "408387"]
[EventDate "2016.06.26"]

1. e4 e6 2. d4 d5 3. Nd2 Be7 4. Ngf3 Nf6 5. Bd3 c5 6. c3 Nc6 7. e5 Nd7 8. O-O
Qc7 9. Re1 Qb6 10. Qb3 Qxb3 11. axb3 cxd4 12. cxd4 O-O 13. Nb1 Nb4 14. Rd1 f6
15. Nc3 fxe5 16. dxe5 Nxd3 17. Rxd3 Nc5 18. Rd1 Nxb3 19. Ra2 Bd7 20. Be3 a6 21.
Rd3 Nc5 22. Rd4 Bc6 23. Nd2 Nd7 24. f4 Bc5 25. g3 Rfc8 26. Kf2 Bxd4 27. Bxd4 Bb5
28. b3 b6 29. Ra3 Bc6 30. Ke3 a5 31. Ne2 b5 32. Ra2 b4 33. Nc1 Bb5 34. Nd3 Bc6
35. h4 Rcb8 36. g4 g6 37. Nf3 a4 38. bxa4 Rxa4 39. Rb2 Ra3 40. Nd2 Kf7 41. Nb3
Nb6 42. Bxb6 Rxb6 43. Kd4 Ba4 44. Nbc5 b3 45. Kc3 Bb5 46. Nc1 Bc4 47. N5d3 Ra4
48. Nc5 Rab4 49. Kd2 d4 50. N1d3 Bxd3 51. Kxd3 Rc6 52. Ne4 Rc1 53. Nd2 Rc3+ 54.
Ke2 Rg3 55. g5 Rg4 56. Rxb3 Rxb3 57. Nxb3 Rxf4 0-1

[Event "World Senior Teams +65"]
[Site "Radebeul GER"]
[Date "2016.07.02"]
[Round "7.25"]
[Board "2"]
[White "Ewart, Brian R"]
[Black "Werner, Helmut"]
[Result "1-0"]
[WhiteElo "1909"]
[BlackElo "1913"]
[WhiteTeam "England 3"]
[BlackTeam "BSV Chemie Radebeul"]
[WhiteFideId "415065"]
[BlackFideId "16203348"]
[EventDate "2016.06.26"]

1. d4 d5 2. Nf3 Nf6 3. c4 c6 4. Nbd2 e6 5. g3 Nbd7 6. Bg2 Be7 7. O-O O-O 8. b3
Rb8 9. a4 a6 10. Bb2 b6 11. Rc1 Bb7 12. Qc2 Rc8 13. Rfd1 Bd6 14. Ne5 c5 15. e3
Qc7 16. f4 cxd4 17. exd4 Bb4 18. Nf1 Nxe5 19. fxe5 Nd7 20. Qe2 f6 21. cxd5 Qb8
22. dxe6 Nc5 23. e7 Rf7 24. dxc5 Bxc5+ 25. Rxc5 bxc5 26. Bxb7 Qxb7 27. Rd8+ Rxd8
28. exd8=Q+ Rf8 29. Qc4+ 1-0

[Event "World Senior Teams +65"]
[Site "Radebeul GER"]
[Date "2016.07.02"]
[Round "7.25"]
[Board "4"]
[White "Emerton, Keith"]
[Black "Fitzner, Hans"]
[Result "1-0"]
[WhiteElo "1789"]
[BlackElo "1356"]
[WhiteTeam "England 3"]
[BlackTeam "BSV Chemie Radebeul"]
[WhiteFideId "447072"]
[BlackFideId "12998575"]
[EventDate "2016.06.26"]

1. Nf3 Nf6 2. g3 d6 3. Bg2 c5 4. d3 e5 5. e4 Be7 6. O-O Bg4 7. h3 Be6 8. a4 b6
9. Ng5 h6 10. Nxe6 fxe6 11. Na3 d5 12. exd5 exd5 13. c4 Nc6 14. Re1 Rc8 15. Qf3
d4 16. Qf5 O-O 17. Qe6+ Kh8 18. Bxc6 a6 19. Be4 Nxe4 20. Rxe4 Bd6 21. Qg4 Qf6
22. Re2 Rc7 23. f4 Re7 24. Bd2 Kh7 25. Rae1 g6 26. Qf3 g5 27. Qe4+ Kh8 28. f5
Rg7 29. g4 Rh7 30. Rb1 Rc8 31. Be1 Rg8 32. Bg3 Re8 33. Rbe1 Rhe7 34. Qc6 Rb8 35.
Qd5 Rbe8 36. Kg2 Kg7 37. Nc2 Kf8 38. Rd1 Rh7 39. Ne1 h5 40. Nf3 hxg4 41. hxg4
Qh6 42. Kf2 Qh3 43. Qxd6+ Ree7 44. Nxg5 Qh2+ 1-0